Ruthenium-nitrosyl complexes; redox and photochemical characterization

Enregistré dans:
Détails bibliographiques
Auteur principal: Zlámal, Jozef (Auteur)
Autres auteurs: Zalibera, Michal (Directeur de thèse)
Format: Manuscrit Livre
Langue:slovaque
anglais
Publié: 2018
Sujets:
Accès en ligne:http://is.stuba.sk/zp/portal_zp.pl?podrobnosti=129755
Tags: Ajouter un tag
Pas de tags, Soyez le premier à ajouter un tag!

MARC

LEADER 00000ntm a22000003a 4500
001 stuzp69853
003 SK-STU
005 20180623211114.9
007 ta
008 150427s2015----xo-----f-mn---000-0-slo-d
040 |a STU  |b slo 
041 0 |a eng 
100 1 |a Zlámal, Jozef  |u 045210  |4 aut  |U FCHPT Ústav fyzikálnej chémie a chemickej fyziky  |T FCHPT Oddelenie fyzikálnej chémie  |X 82640  |U C5210  |Y 117  |7 82640 
242 0 1 |a Nitrosylové komplexy ruténia; rodoxné a fotochemické vlasnosti  |y slo 
245 1 0 |a Ruthenium-nitrosyl complexes; redox and photochemical characterization 
260 |c 2018 
650 4 |a oxid dusnatý  |2 slo 
650 4 |a protirakovinový  |2 slo 
650 4 |a non-innocent ligand  |2 slo 
650 4 |a časovo rozlíšená spektroskopia  |2 slo 
650 4 |a globálna analýza  |2 slo 
650 4 |a non-innocent ligand  |2 eng 
650 4 |a nitric oxide  |2 eng 
650 4 |a anti-cancer  |2 eng 
650 4 |a time resolved spectroscopy  |2 eng 
650 4 |a global analysis  |2 eng 
700 1 |a Zalibera, Michal  |u 045210  |k Z1  |4 ths  |U FCHPT Ústav fyzikálnej chémie a chemickej fyziky  |T FCHPT Oddelenie fyzikálnej chémie  |X 10082  |U C5210  |Y 117  |7 10082 
856 4 |u http://is.stuba.sk/zp/portal_zp.pl?podrobnosti=129755